[Event "11th Meurthe Festival"]
[Site "Nancy FRA"]
[Date "2013.03.09"]
[Round "1.1"]
[White "Malglaive, Jean-Louis"]
[Black "Bacrot, Etienne"]
[Result "0-1"]
[BlackTitle "GM"]
[WhiteElo "1750"]
[BlackElo "2705"]
[WhiteFideId "26062968"]
[BlackFideId "605506"]
[EventDate "2013.03.09"]

1. e4 e5 2. f4 exf4 3. Nf3 Ne7 4. Bc4 d5 5. exd5 Nxd5 6. Bxd5 Qxd5 7. Nc3 Qf5 8.
d4 Bd6 9. Qe2+ Qe6 10. Nb5 O-O 11. Qxe6 fxe6 12. O-O Nc6 13. c3 Ne7 14. Ng5 Ng6
15. Ne4 Bd7 16. Nbxd6 cxd6 17. Nxd6 Bc6 18. Bd2 f3 19. g3 Rad8 20. Nc4 e5 21.
Bg5 Rde8 22. dxe5 Nxe5 23. Nd2 Nd3 0-1

[Event "11th Meurthe Festival"]
[Site "Nancy FRA"]
[Date "2013.03.09"]
[Round "1.3"]
[White "Pillard, Valentin"]
[Black "Naiditsch, Arkadij"]
[Result "0-1"]
[BlackTitle "GM"]
[WhiteElo "1761"]
[BlackElo "2706"]
[WhiteFideId "20666764"]
[BlackFideId "4650891"]
[EventDate "2013.03.09"]

1. d4 Nf6 2. c4 e6 3. Nc3 Bb4 4. f3 O-O 5. e4 c5 6. Be3 cxd4 7. Bxd4 Nc6 8. Bf2
d5 9. cxd5 exd5 10. exd5 Nxd5 11. Qb3 Re8+ 12. Be2 Be6 13. O-O-O Qg5+ 14. Kc2
Ne3+ 15. Bxe3 Bxb3+ 16. axb3 Rxe3 17. Nh3 Qg6+ 18. Bd3 Qxg2+ 19. Kb1 Bxc3 20.
bxc3 Rxd3 21. Rxd3 Qxh1+ 22. Kc2 Qxh2+ 0-1

[Event "11th Meurthe Festival"]
[Site "Nancy FRA"]
[Date "2013.03.09"]
[Round "1.4"]
[White "Guliyev, Namig"]
[Black "Jacquot, Adrien"]
[Result "1-0"]
[WhiteTitle "GM"]
[WhiteElo "2551"]
[BlackElo "1895"]
[WhiteFideId "13400363"]
[BlackFideId "695033"]
[EventDate "2013.03.09"]

1. e4 c5 2. Nf3 Nc6 3. d4 cxd4 4. Nxd4 e5 5. Nb5 d6 6. c4 Be6 7. N1c3 a6 8. Na3
Nf6 9. Be2 Be7 10. O-O Nd4 11. Be3 Nxe2+ 12. Qxe2 O-O 13. Rac1 Rb8 14. Rfd1 Qa5
15. Bg5 Rfd8 16. Nc2 b5 17. cxb5 axb5 18. a3 Bb3 19. Bxf6 Bxf6 20. Nb4 Bg5 21.
Rb1 Rbc8 22. Rd3 Bc4 23. Rbd1 Bxd3 24. Rxd3 Rc4 25. g3 Rxb4 26. axb4 Qxb4 27.
Rd5 Qc4 28. Rxb5 Qxe2 29. Nxe2 Bd2 30. Rd5 Bb4 31. Nc1 f6 32. Rb5 Bc5 33. b4 Bd4
34. Nb3 Bc3 35. Kf1 Ra8 36. Ke2 Ra2+ 37. Kd3 Be1 38. Rb8+ Kf7 39. b5 Bxf2 40. b6
Ra6 41. b7 Rb6 42. Na5 Kg6 43. Ra8 Bg1 44. h3 h5 45. b8=Q Rxb8 46. Rxb8 Bf2 47.
Nc4 Bxg3 48. Nxe5+ dxe5 1-0

[Event "11th Meurthe Festival"]
[Site "Nancy FRA"]
[Date "2013.03.09"]
[Round "2.1"]
[White "Bacrot, Etienne"]
[Black "Calvi, Denis"]
[Result "1-0"]
[WhiteTitle "GM"]
[WhiteElo "2705"]
[BlackElo "1703"]
[WhiteFideId "605506"]
[BlackFideId "657034"]
[EventDate "2013.03.09"]

1. d4 d5 2. c4 c6 3. Nf3 e6 4. Qc2 f5 5. Bf4 Bd6 6. Bxd6 Qxd6 7. Nc3 Nf6 8. e3
O-O 9. Be2 Ne4 10. O-O Nd7 11. Rac1 Ndf6 12. Ne5 Nxc3 13. bxc3 Ne4 14. f3 Ng5
15. c5 Qe7 16. f4 Ne4 17. Rb1 Rf6 18. Bd3 Rh6 19. g3 Nf6 20. Rb2 Qe8 21. Qg2 Qh5
22. Rfb1 Ng4 23. Be2 Nxe3 24. Bxh5 Nxg2 25. Bf7+ Kf8 26. Kxg2 Rf6 27. Bh5 g6 28.
Be2 Kg7 29. a4 a6 30. Rb6 Ra7 31. h3 h6 32. Rf1 Rf8 33. g4 Re8 34. h4 Re7 35.
Kg3 Rc7 36. Bd3 Re7 37. Re1 Rc7 38. Kf2 Re7 39. gxf5 exf5 40. Rg1 Kh7 41. Nxg6
Re8 42. h5 Be6 43. Rgb1 Bc8 44. Nh4 Rf8 45. Re1 Rf7 46. Re5 Ra8 47. Re8 1-0

[Event "11th Meurthe Festival"]
[Site "Nancy FRA"]
[Date "2013.03.09"]
[Round "2.3"]
[White "Naiditsch, Arkadij"]
[Black "Erdelyi, Tamas Dr."]
[Result "1-0"]
[WhiteTitle "GM"]
[BlackTitle "IM"]
[WhiteElo "2706"]
[BlackElo "2125"]
[WhiteFideId "4650891"]
[BlackFideId "700878"]
[EventDate "2013.03.09"]

1. e4 c5 2. Nf3 e6 3. d4 cxd4 4. Nxd4 a6 5. Bd3 Bc5 6. Nb3 Be7 7. O-O d6 8. c4
Nf6 9. Nc3 Nbd7 10. Kh1 Qc7 11. f4 g6 12. Bd2 b6 13. Rc1 Bb7 14. Qe2 h5 15. Rf3
Kf8 16. Nd4 Kg7 17. Rcf1 Raf8 18. b4 e5 19. Nc2 exf4 20. Bxf4 Ng4 21. Ne3 Nxe3
22. Bxe3 Ne5 23. Bd4 h4 24. Nd5 Bxd5 25. exd5 f5 26. c5 bxc5 27. bxc5 Bf6 28.
Re3 Nf7 29. Bxf6+ Kxf6 30. Re6+ Kg7 31. Qb2+ 1-0

[Event "11th Meurthe Festival"]
[Site "Nancy FRA"]
[Date "2013.03.09"]
[Round "2.4"]
[White "Chinoune, Karim"]
[Black "Guliyev, Namig"]
[Result "0-1"]
[BlackTitle "GM"]
[WhiteElo "2025"]
[BlackElo "2551"]
[WhiteFideId "655660"]
[BlackFideId "13400363"]
[EventDate "2013.03.09"]

1. e4 c5 2. Nf3 d6 3. d4 cxd4 4. Nxd4 Nf6 5. Nc3 a6 6. Bg5 e6 7. f4 h6 8. Bxf6
Qxf6 9. Qd2 g5 10. fxg5 Qxg5 11. Qxg5 hxg5 12. O-O-O Bg7 13. Be2 Ke7 14. h3 Nc6
15. Nxc6+ bxc6 16. Nb1 Rb8 17. c3 Rh4 18. Bf3 a5 19. Nd2 a4 20. Rhe1 Ba6 21. Be2
Bxe2 22. Rxe2 g4 23. hxg4 a3 24. Nf3 Rxg4 25. e5 dxe5 26. bxa3 Rb5 27. Kc2 Ra4
28. Rb1 Rxb1 29. Kxb1 e4 30. Nd2 f5 31. Kb2 Bh6 32. Kb3 Ra8 33. Nc4 Rb8+ 34. Kc2
Kf6 35. a4 e5 36. a5 Ke6 37. Re1 e3 38. Nxe3 Bxe3 39. Rxe3 Rb5 40. c4 Rxa5 41.
Kb3 Ra8 42. a4 c5 43. Rh3 e4 44. Rh7 Rb8+ 45. Kc3 Rg8 46. Rh2 Ke5 47. a5 Ra8 48.
Rh7 Rxa5 49. Kb3 Ra6 50. Re7+ Kd4 51. Rd7+ Ke3 52. Rd5 f4 53. Rxc5 Rg6 54. Rf5
Rxg2 55. c5 Rg6 56. Kc4 f3 57. Rf7 f2 58. Kd5 Rg1 59. Rxf2 Rg5+ 0-1

[Event "11th Meurthe Festival"]
[Site "Nancy FRA"]
[Date "2013.03.09"]
[Round "3.1"]
[White "Sharif, Mehrshad"]
[Black "Bacrot, Etienne"]
[Result "0-1"]
[WhiteTitle "IM"]
[BlackTitle "GM"]
[WhiteElo "2448"]
[BlackElo "2705"]
[WhiteFideId "600121"]
[BlackFideId "605506"]
[EventDate "2013.03.09"]

1. d4 Nf6 2. c4 e6 3. g3 c5 4. Nf3 cxd4 5. Nxd4 d5 6. Bg2 e5 7. Nb3 d4 8. O-O
Nc6 9. Bg5 Be7 10. N1d2 O-O 11. Bxf6 Bxf6 12. Nc5 Be7 13. Nd3 Qc7 14. f4 exf4
15. Nxf4 Bg5 16. Nd5 Qd8 17. Ne4 Be6 18. Qd3 Rc8 19. Nxg5 Qxg5 20. Rad1 Rfe8 21.
Nf4 Bf5 22. Qb3 Na5 23. Qb5 Nxc4 24. Rxd4 Ne3 25. Rf2 Qf6 26. Rd2 a6 27. Qxa6
bxa6 28. Nd3 Be4 29. Rxf6 Bxg2 30. Rxa6 Be4 0-1

[Event "11th Meurthe Festival"]
[Site "Nancy FRA"]
[Date "2013.03.09"]
[Round "3.2"]
[White "Vachier-Lagrave, Maxime"]
[Black "Claverie, Christophe"]
[Result "1-0"]
[WhiteTitle "GM"]
[BlackTitle "IM"]
[WhiteElo "2722"]
[BlackElo "2329"]
[WhiteFideId "623539"]
[BlackFideId "605514"]
[EventDate "2013.03.09"]

1. e4 Nc6 2. Nf3 e5 3. Bb5 a6 4. Ba4 Nf6 5. O-O Be7 6. Re1 b5 7. Bb3 O-O 8. h3
d6 9. c3 Nd7 10. d4 Bf6 11. Be3 Bb7 12. Nbd2 Re8 13. a3 Na5 14. Ba2 c5 15. dxc5
dxc5 16. b4 cxb4 17. axb4 Nc6 18. Nh2 Nf8 19. Ng4 Ne6 20. Bd5 Qe7 21. Nb3 Ncd8
22. Na5 Bxd5 23. exd5 Ng5 24. Bxg5 1-0

[Event "11th Meurthe Festival"]
[Site "Nancy FRA"]
[Date "2013.03.09"]
[Round "3.3"]
[White "Aguettaz, Maxime"]
[Black "Naiditsch, Arkadij"]
[Result "0-1"]
[WhiteTitle "IM"]
[BlackTitle "GM"]
[WhiteElo "2412"]
[BlackElo "2706"]
[WhiteFideId "617636"]
[BlackFideId "4650891"]
[EventDate "2013.03.09"]

1. Nf3 d5 2. d4 Nf6 3. c4 e6 4. Nc3 c5 5. cxd5 Nxd5 6. e4 Nxc3 7. bxc3 cxd4 8.
cxd4 Bb4+ 9. Bd2 Bxd2+ 10. Qxd2 O-O 11. Bc4 Nd7 12. O-O b6 13. Rfd1 Bb7 14. d5
Nc5 15. e5 Rc8 16. dxe6 Nxe6 17. Bxe6 fxe6 18. Qxd8 Rfxd8 19. Nd4 Bd5 20. a4 a6
21. Rab1 Ba2 22. Ra1 Bc4 23. f4 b5 24. axb5 axb5 25. Kf2 b4 26. Rab1 b3 27. Ke3
Rb8 28. g4 Rdc8 29. Rb2 Bd5 30. Rd3 Rc1 31. Nxb3 Rc4 32. f5 Rcb4 33. fxe6 Rxb3 0-1

[Event "11th Meurthe Festival"]
[Site "Nancy FRA"]
[Date "2013.03.09"]
[Round "4.1"]
[White "Bacrot, Etienne"]
[Black "Postny, Evgeny"]
[Result "1/2-1/2"]
[WhiteTitle "GM"]
[BlackTitle "GM"]
[WhiteElo "2705"]
[BlackElo "2627"]
[WhiteFideId "605506"]
[BlackFideId "2804344"]
[EventDate "2013.03.09"]

1. d4 d5 2. c4 dxc4 3. e3 Nf6 4. Bxc4 e6 5. Nf3 a6 6. O-O b5 7. Bd3 Bb7 8. a4 b4
9. Qe2 c5 10. dxc5 Nbd7 11. c6 Bxc6 12. Bxa6 Qb6 13. Bc4 Rxa4 14. Rxa4 Bxa4 15.
Nd4 Ne5 16. b3 Bd7 17. Nd2 Bc5 18. Bb2 Nxc4 19. Nxc4 Qb7 20. Rc1 O-O 21. Ne5
Bxd4 22. Bxd4 Rc8 23. Rd1 Bb5 24. Qd2 Ba6 25. f3 h6 26. e4 Nd7 27. Ng4 f6 28.
Be3 h5 29. Nh6+ gxh6 30. Qxd7 Qxd7 31. Rxd7 Rc3 32. Bxh6 Rxb3 33. Rg7+ Kh8 34.
Ra7 Rb1+ 35. Kf2 Rb2+ 36. Ke3 Bc4 37. Kd4 Bf1 38. g3 Rxh2 39. Bg7+ Kg8 40. Bxf6
b3 41. Rg7+ Kf8 42. Rb7 b2 43. Ke3 Ba6 44. Rb8+ Kf7 45. Bxb2 Re2+ 46. Kf4 Rf2
47. Bd4 Rf1 48. Rb2 Bd3 49. Rb7+ Ke8 50. Ke3 Bc4 51. Rc7 Bb3 52. Ke2 Rh1 53. Bf2
Rb1 54. Rc3 Bd1+ 55. Kd2 Rb3 56. Rc8+ Kd7 57. Rh8 Bxf3 58. Bd4 Bxe4 59. Bc3 Bf3
60. Be5 Bg4 61. Bf4 Kc6 62. Rd8 Ra3 63. Rd6+ Kc5 64. Rd8 Rf3 65. Ke1 e5 66. Bh6
Rxg3 67. Kf2 Rf3+ 68. Kg2 Rf5 69. Rd2 Bf3+ 70. Kg3 Be4 71. Be3+ Kc4 72. Kh4 Bf3
73. Rd8 Bg4 74. Ba7 Rf7 75. Bb6 Rf3 76. Ba7 e4 77. Rd4+ Kb5 78. Rxe4 Rf7 79. Be3
Rf5 80. Bf4 Kc6 81. Ra4 Kd5 82. Ra5+ Ke4 83. Rxf5 Kxf5 84. Bd2 Ke5 1/2-1/2

[Event "11th Meurthe Festival"]
[Site "Nancy FRA"]
[Date "2013.03.09"]
[Round "4.2"]
[White "Gharamian, Tigran"]
[Black "Vachier-Lagrave, Maxime"]
[Result "0-1"]
[WhiteTitle "GM"]
[BlackTitle "GM"]
[WhiteElo "2660"]
[BlackElo "2722"]
[WhiteFideId "13301527"]
[BlackFideId "623539"]
[EventDate "2013.03.09"]

1. d4 Nf6 2. c4 g6 3. Nc3 d5 4. cxd5 Nxd5 5. g3 Bg7 6. Bg2 Nxc3 7. bxc3 c5 8. e3
Qa5 9. Bd2 O-O 10. Ne2 Nc6 11. O-O Rd8 12. Nc1 Qc7 13. Nb3 b6 14. dxc5 Ba6 15.
cxb6 axb6 16. Re1 Rac8 17. Nd4 Na5 18. Qa4 b5 19. Qb4 e5 20. Nf3 Bf8 21. Qh4 Be7
22. Qh6 e4 23. Nd4 Nc4 24. Bc1 Ne5 25. Rb1 Nd3 26. Rd1 Qe5 27. Bd2 Rc5 28. Bf1
Bc8 29. f4 Qd5 30. Rb3 Bg4 31. Rdb1 Rb8 32. h3 Bd7 33. g4 Qa8 34. a3 Qa6 35. g5
Be6 36. Nxe6 Qxe6 37. Qh4 Rd8 38. Qg4 Qc6 39. Qe2 Bf8 40. Bg2 Bg7 41. h4 h5 42.
Bf1 Kh7 43. Bg2 Qe8 44. Bf1 Qe6 45. Bg2 Rdd5 46. Kh2 f5 47. Kg1 Qc6 48. Bf1 Bxc3
49. Bxc3 Rxc3 50. Qd2 Rc2 51. Qa5 b4 52. Qa7+ Rd7 0-1

[Event "11th Meurthe Festival"]
[Site "Nancy FRA"]
[Date "2013.03.09"]
[Round "4.3"]
[White "Naiditsch, Arkadij"]
[Black "Svetushkin, Dmitry"]
[Result "0-1"]
[WhiteTitle "GM"]
[BlackTitle "GM"]
[WhiteElo "2706"]
[BlackElo "2602"]
[WhiteFideId "4650891"]
[BlackFideId "13900463"]
[EventDate "2013.03.09"]

1. e4 e5 2. Nf3 Nc6 3. Bb5 Nf6 4. d3 Bc5 5. Bxc6 dxc6 6. Nbd2 Be6 7. O-O Nd7 8.
Nb3 Bxb3 9. axb3 O-O 10. Kh1 Re8 11. Bd2 Bd6 12. b4 c5 13. bxc5 Nxc5 14. Bc3 f6
15. Qb1 Ne6 16. b4 Qd7 17. Bd2 c5 18. b5 Nd4 19. Nxd4 cxd4 20. Ra4 Rec8 21. f4
h6 22. fxe5 Bxe5 23. Bf4 Bxf4 24. Rxf4 Rc5 25. Rb4 Re8 26. Rf1 Ree5 27. Qa2+ Kh7
28. Qa4 Qc7 29. c4 Rh5 30. h3 Qg3 31. Qd1 Rxh3+ 32. Kg1 Rch5 0-1

[Event "11th Meurthe Festival"]
[Site "Nancy FRA"]
[Date "2013.03.09"]
[Round "5.1"]
[White "Vachier-Lagrave, Maxime"]
[Black "Tkachiev, Vladislav"]
[Result "1/2-1/2"]
[WhiteTitle "GM"]
[BlackTitle "GM"]
[WhiteElo "2722"]
[BlackElo "2644"]
[WhiteFideId "623539"]
[BlackFideId "618438"]
[EventDate "2013.03.09"]

1. e4 e5 2. Nf3 Nc6 3. Bb5 a6 4. Ba4 Nf6 5. O-O Be7 6. Re1 b5 7. Bb3 O-O 8. h3
Bb7 9. d3 d6 10. a3 Re8 11. Nbd2 Bf8 12. Nf1 h6 13. Ng3 d5 14. exd5 Nxd5 15. c3
Nf6 16. Be3 Qd7 17. d4 exd4 18. cxd4 Rad8 19. Rc1 Bd6 20. Nf1 Na5 21. Ba2 Bd5
22. Bxd5 Nxd5 23. N3d2 Nb6 24. Qf3 Nac4 25. Nxc4 Nxc4 26. Re2 Bf8 27. Ng3 Qd5
28. Qxd5 Rxd5 29. Rcc2 c5 30. dxc5 Nxe3 31. Rxe3 Rxe3 32. fxe3 Rxc5 33. Rxc5
Bxc5 34. Kf2 Bd6 35. Ne4 Be5 36. b4 Bb2 37. Nc5 Bxa3 38. Nxa6 Kf8 39. Nc7 Bxb4
40. Nxb5 Bc5 41. Nc3 Ba7 42. Nb5 Bb6 43. Nc3 Ba7 44. Nb5 Bb6 45. Nc3 Ba7 1/2-1/2

[Event "11th Meurthe Festival"]
[Site "Nancy FRA"]
[Date "2013.03.09"]
[Round "5.2"]
[White "Shchekachev, Andrei"]
[Black "Hamdouchi, Hicham"]
[Result "1/2-1/2"]
[WhiteTitle "GM"]
[BlackTitle "GM"]
[WhiteElo "2520"]
[BlackElo "2602"]
[WhiteFideId "4107730"]
[BlackFideId "9000011"]
[EventDate "2013.03.09"]

1. Nf3 c5 2. c4 Nc6 3. d4 cxd4 4. Nxd4 Nf6 5. Nc3 e6 6. a3 Nxd4 7. Qxd4 b6 8.
Qf4 Bb7 9. e4 d6 10. Bd3 Be7 11. O-O O-O 12. Qg3 Nd7 13. Rd1 Ne5 14. Bf1 Rc8 15.
b3 Bh4 16. Qh3 f5 17. Ra2 Qf6 18. exf5 Nf3+ 19. gxf3 Qxc3 20. Be3 Be7 21. Rd3
Qf6 22. fxe6 Qg6+ 23. Qg3 Rf6 24. Bd4 Rxe6 25. Re2 Rxe2 26. Qxg6 hxg6 27. Bxe2
Kf7 28. a4 Rh8 29. Be3 g5 30. f4 gxf4 31. Bxf4 Re8 32. Re3 d5 33. Rg3 Rd8 34.
Bh5+ Kf8 35. Bf3 Rd7 36. Bxd5 Bxd5 37. cxd5 Rxd5 38. Rf3 Bf6 39. Kg2 Ke7 40. Bg3
b5 41. Re3+ Kf7 42. Re4 a5 43. Bc7 bxa4 44. bxa4 Rc5 45. Bb6 Rd5 46. f4 Bc3 47.
Kf3 Bb4 48. Re5 Rd3+ 49. Ke4 Ra3 50. Bxa5 Rxa4 51. Bxb4 Rxb4+ 52. Kf5 Rb6 53. h4
Rh6 54. Kg4 Rb6 55. h5 Rc6 56. Ra5 Rd6 57. Kg5 Rc6 58. Ra7+ Kg8 59. f5 Rc1 60.
Ra8+ Kh7 61. Ra4 Rg1+ 62. Rg4 Rf1 63. Rg2 Rf3 64. Rb2 Rg3+ 65. Kf4 Rg1 66. Rb6
Rh1 67. Kg5 Rg1+ 1/2-1/2

[Event "11th Meurthe Festival"]
[Site "Nancy FRA"]
[Date "2013.03.09"]
[Round "5.4"]
[White "Svetushkin, Dmitry"]
[Black "Bacrot, Etienne"]
[Result "0-1"]
[WhiteTitle "GM"]
[BlackTitle "GM"]
[WhiteElo "2602"]
[BlackElo "2705"]
[WhiteFideId "13900463"]
[BlackFideId "605506"]
[EventDate "2013.03.09"]

1. e4 g6 2. d4 d6 3. Nf3 Nf6 4. Bd3 Bg7 5. c3 O-O 6. O-O Nbd7 7. a4 e5 8. Re1 c6
9. a5 Re8 10. Nbd2 Nf8 11. h3 Ne6 12. dxe5 dxe5 13. Qc2 Nh5 14. Bf1 Qf6 15. Nh2
Qe7 16. Ndf3 Qc7 17. Ng4 Kh8 18. b4 Nf8 19. Ne3 Nf4 20. Kh2 f5 21. g3 fxe4 22.
Qxe4 Nh5 23. Bb2 Nd7 24. Ng4 Ndf6 25. Nxf6 Nxf6 26. Qh4 e4 27. Ng5 h6 28. Nxe4
Rxe4 0-1

[Event "11th Meurthe Festival"]
[Site "Nancy FRA"]
[Date "2013.03.09"]
[Round "6.2"]
[White "Bacrot, Etienne"]
[Black "Pelletier, Yannick"]
[Result "1-0"]
[WhiteTitle "GM"]
[BlackTitle "GM"]
[WhiteElo "2705"]
[BlackElo "2604"]
[WhiteFideId "605506"]
[BlackFideId "1301837"]
[EventDate "2013.03.09"]

1. Nf3 Nf6 2. d4 e6 3. c4 d5 4. Nc3 dxc4 5. e4 Bb4 6. Bg5 h6 7. Bxf6 Qxf6 8.
Bxc4 c5 9. e5 Qd8 10. O-O cxd4 11. Ne4 O-O 12. Qe2 Nd7 13. Rad1 Qb6 14. g4 f6
15. exf6 Nxf6 16. Nxd4 Nd5 17. Nxe6 Bxe6 18. Bxd5 Rae8 19. Qc4 Kh8 20. Bxe6 Rxe6
21. Qd4 Qb5 22. f3 Ba5 23. Kg2 Bb6 24. Qd2 Ba5 25. Qd7 Qxb2+ 26. Rf2 1-0

[Event "11th Meurthe Festival"]
[Site "Nancy FRA"]
[Date "2013.03.09"]
[Round "6.3"]
[White "Hamdouchi, Hicham"]
[Black "Guliyev, Namig"]
[Result "1-0"]
[WhiteTitle "GM"]
[BlackTitle "GM"]
[WhiteElo "2602"]
[BlackElo "2551"]
[WhiteFideId "9000011"]
[BlackFideId "13400363"]
[EventDate "2013.03.09"]

1. e4 c5 2. Nf3 d6 3. d4 cxd4 4. Qxd4 a6 5. c4 Nc6 6. Qd2 Bg4 7. Be2 Nf6 8. Nc3
g6 9. b3 Bg7 10. Bb2 O-O 11. O-O Qa5 12. Rfd1 Rfe8 13. h3 Bxf3 14. Bxf3 Rac8 15.
a3 h5 16. Be2 Ne5 17. Qe3 Qc5 18. Qxc5 Rxc5 19. f4 Ned7 20. Bf3 Rc7 21. Rab1 h4
22. Ba1 Rb8 23. Re1 Nc5 24. e5 dxe5 25. fxe5 Nh7 26. Nd5 Rd7 27. Red1 e6 28. b4
exd5 29. bxc5 Rc7 30. cxd5 Rxc5 31. Bd4 Ra5 32. Bb6 Rxa3 33. d6 Nf8 34. d7 Nxd7
35. Rxd7 Bxe5 36. Bd5 Kg7 37. Rxf7+ Kh6 38. Re7 Bf4 39. Rf1 Bg5 40. Re6 Ra4 41.
Be4 Rg8 42. Rd1 Rb4 43. Bf2 a5 44. Rdd6 a4 45. Bxg6 a3 46. Be4+ Kg7 47. Rd7+ Be7
48. Rdxe7+ Kf8 49. Bc5 Rc4 50. Rf6# 1-0

[Event "11th Meurthe Festival"]
[Site "Nancy FRA"]
[Date "2013.03.09"]
[Round "6.4"]
[White "Tkachiev, Vladislav"]
[Black "Shchekachev, Andrei"]
[Result "1/2-1/2"]
[WhiteTitle "GM"]
[BlackTitle "GM"]
[WhiteElo "2644"]
[BlackElo "2520"]
[WhiteFideId "618438"]
[BlackFideId "4107730"]
[EventDate "2013.03.09"]

1. d4 d5 2. c4 c6 3. Nc3 Nf6 4. cxd5 cxd5 5. Bf4 Nc6 6. e3 Bf5 7. Nf3 e6 8. Rc1
Bd6 9. Bxd6 Qxd6 10. Bd3 Bxd3 11. Qxd3 O-O 12. O-O Rfc8 13. Ne2 Ne7 14. Rxc8+
Rxc8 15. Rc1 Rxc1+ 16. Nxc1 Qc7 17. Qd1 Ne4 18. Nd2 Nxd2 19. Qxd2 Nf5 20. Nd3
Nd6 21. Qc1 Qxc1+ 22. Nxc1 Kf8 23. Kf1 Ke7 24. Ke2 b6 25. Nd3 f6 26. f3 Kd7 27.
g4 g5 28. b3 Ke7 29. h3 Kd7 30. Kd2 Ke7 31. Kc3 Kd7 32. Kb4 Kc6 33. a4 Kd7 34.
a5 Kc6 35. axb6 axb6 36. Kc3 Kd7 37. Kb4 Kc6 38. Kc3 Kd7 39. Kb4 Kc6 40. Kc3 Kd7
41. Kb4 Kc6 42. Kc3 Kd7 43. Kb4 Kc6 1/2-1/2

[Event "11th Meurthe Festival"]
[Site "Nancy FRA"]
[Date "2013.03.09"]
[Round "7.1"]
[White "Istratescu, Andrei"]
[Black "Bacrot, Etienne"]
[Result "1/2-1/2"]
[WhiteTitle "GM"]
[BlackTitle "GM"]
[WhiteElo "2651"]
[BlackElo "2705"]
[WhiteFideId "1200372"]
[BlackFideId "605506"]
[EventDate "2013.03.09"]

1. e4 e5 2. Nf3 Nc6 3. Bb5 Nf6 4. Nc3 Nd4 5. Nxd4 exd4 6. e5 dxc3 7. exf6 Qxf6
8. dxc3 Bc5 9. Qe2+ Qe7 10. Bf4 Qxe2+ 11. Bxe2 d6 12. O-O Bf5 13. Bd3 Bxd3 14.
cxd3 Kd7 15. Rfe1 Rhe8 16. Kf1 Rxe1+ 17. Rxe1 Re8 18. Rxe8 Kxe8 19. d4 Bb6 20.
d5 Kd7 21. Ke2 c6 22. Be3 c5 23. b4 cxb4 24. Bxb6 axb6 25. cxb4 b5 26. Ke3 Ke7
27. f4 f5 1/2-1/2

[Event "11th Meurthe Festival"]
[Site "Nancy FRA"]
[Date "2013.03.09"]
[Round "7.2"]
[White "David, Alberto"]
[Black "Hamdouchi, Hicham"]
[Result "1/2-1/2"]
[WhiteTitle "GM"]
[BlackTitle "GM"]
[WhiteElo "2586"]
[BlackElo "2602"]
[WhiteFideId "4000013"]
[BlackFideId "9000011"]
[EventDate "2013.03.09"]

1. e4 c5 2. Nf3 d6 3. Bc4 Nf6 4. d3 g6 5. c3 Bg7 6. Bb3 O-O 7. O-O Nc6 8. h3 e5
9. Re1 Be6 10. Bg5 h6 11. Bxf6 Qxf6 12. Nbd2 h5 13. Nc4 Bh6 14. Ne3 Bxe3 15.
Rxe3 Rad8 16. Bxe6 Qxe6 17. d4 cxd4 18. cxd4 d5 19. Nxe5 Nxe5 20. dxe5 dxe4 21.
Qe2 Qxe5 22. Rxe4 Qd5 23. Re7 Rd7 24. Rxd7 Qxd7 25. Rd1 Qc6 26. Qe7 Re8 27. Rd8
Qc1+ 28. Kh2 Qf4+ 29. Kg1 Qc1+ 30. Kh2 Qf4+ 31. Kg1 1/2-1/2

[Event "11th Meurthe Festival"]
[Site "Nancy FRA"]
[Date "2013.03.09"]
[Round "8.2"]
[White "Naiditsch, Arkadij"]
[Black "Hamdouchi, Hicham"]
[Result "1/2-1/2"]
[WhiteTitle "GM"]
[BlackTitle "GM"]
[WhiteElo "2706"]
[BlackElo "2602"]
[WhiteFideId "4650891"]
[BlackFideId "9000011"]
[EventDate "2013.03.09"]

1. d4 d5 2. c4 c6 3. cxd5 cxd5 4. Bf4 Nc6 5. Nf3 Nf6 6. Nc3 Bf5 7. e3 Rc8 8. Bd3
Bxd3 9. Qxd3 e6 10. O-O Be7 11. h3 O-O 12. Rfc1 a6 13. a3 Nd7 14. Rc2 Nb6 15.
Rac1 Bd6 16. Bxd6 Qxd6 17. Nb1 Ne7 18. Rxc8 Rxc8 19. Rxc8+ Nbxc8 20. Qc3 Qc6 21.
Ne5 Qxc3 22. Nxc3 Nd6 23. f3 Kf8 24. b3 Ke8 25. a4 a5 26. Nd3 b6 27. Kf2 Kd7 28.
g4 f6 29. Ke2 Nc6 30. h4 Ke7 31. h5 Kd7 32. Kf2 Ke7 33. Ke2 Kd7 34. Kf2 Ke7 35.
Ke2 Kd7 1/2-1/2

[Event "11th Meurthe Festival"]
[Site "Nancy FRA"]
[Date "2013.03.09"]
[Round "8.3"]
[White "Postny, Evgeny"]
[Black "Istratescu, Andrei"]
[Result "1/2-1/2"]
[WhiteTitle "GM"]
[BlackTitle "GM"]
[WhiteElo "2627"]
[BlackElo "2651"]
[WhiteFideId "2804344"]
[BlackFideId "1200372"]
[EventDate "2013.03.09"]

1. d4 e6 2. c4 Bb4+ 3. Bd2 a5 4. Nf3 d5 5. e3 Nf6 6. Bd3 O-O 7. O-O b6 8. cxd5
exd5 9. Qc2 Bb7 10. Ne5 Bd6 11. Nc3 c5 12. Nb5 c4 13. Be2 Nc6 14. f4 Nb4 15. Qd1
Ne4 16. a3 Nc6 17. Bf3 f5 18. b3 Bxe5 19. fxe5 Ba6 20. bxc4 dxc4 21. Nc3 Nxe5
22. dxe5 1/2-1/2

[Event "11th Meurthe Festival"]
[Site "Nancy FRA"]
[Date "2013.03.09"]
[Round "8.4"]
[White "Gharamian, Tigran"]
[Black "Guliyev, Namig"]
[Result "1-0"]
[WhiteTitle "GM"]
[BlackTitle "GM"]
[WhiteElo "2660"]
[BlackElo "2551"]
[WhiteFideId "13301527"]
[BlackFideId "13400363"]
[EventDate "2013.03.09"]

1. e4 e5 2. Nf3 Nf6 3. Nxe5 d6 4. Nf3 Nxe4 5. d4 d5 6. Bd3 Nc6 7. O-O Be7 8. Nc3
Nxc3 9. bxc3 Bg4 10. Re1 O-O 11. Bf4 Bh5 12. Rb1 Rb8 13. Re3 Bg6 14. Qe2 Bd6 15.
Bg3 a6 16. Nh4 Qd7 17. Nxg6 hxg6 18. Re1 b5 19. Qf3 Bxg3 20. Qxg3 b4 21. Bxa6
bxc3 22. Rxc3 Nxd4 23. Rxc7 Qa4 24. Bd3 Qa5 25. Rd1 Rfe8 26. h3 Ne6 27. Rd7 Rbd8
28. Rxd8 Rxd8 29. Qe5 Nc5 30. Qb2 Ra8 31. Ra1 Qd2 32. Qd4 Nxd3 33. Qxd3 Qxd3 34.
cxd3 Ra3 35. Kf1 Kf8 36. Ke2 Ke7 37. Ke3 Ra4 38. a3 Kd6 39. Kd2 d4 40. Kc2 Ra5
41. a4 Kc6 42. Kb3 Rc5 43. a5 Rc3+ 44. Kb4 Kb7 45. Re1 Rxd3 46. Re7+ Kc6 47.
Rxf7 Rd2 48. Kc4 Kd6 49. a6 Ke5 50. Re7+ Kf6 51. a7 Ra2 52. Rd7 Ke5 53. Re7+ Kf6
54. Rd7 Ke5 55. Rxg7 Ra4+ 56. Kb3 Ra1 57. Kb2 Ra4 58. Kb3 Ra1 59. Re7+ Kd5 60.
Rd7+ Ke4 61. Kc4 Rc1+ 62. Kb5 Ra1 63. Kc5 d3 64. Rd4+ Ke5 65. Rxd3 Rxa7 66. Re3+
Kf5 67. Kd4 Rd7+ 68. Kc3 g5 1-0